Từ nguyên tử đến sự sống /
Đây là cuốn sách viết cho những người mà trong cuộc sống hằng ngày đã từng băn khoăn tự hỏi :Các vật thể chung quanh chúng ta là gì?Than và sắt giống nhau ở chỗ nào và khác nhau ở chỗ nào ?Tại sao đá có thể biến thành vôi ,ngọn đèn da...
Saved in:
| Main Author: | |
|---|---|
| Format: | Book |
| Language: | Vietnamese |
| Published: |
H. :
Khoa học và kỹ thuật ,
1970
|
| Edition: | In lần thứ 1 |
| Subjects: | |
| Tags: |
Add Tag
No Tags, Be the first to tag this record!
|
| Institutions: | Thư viện Trường CĐ Kỹ Thuật Cao Thắng |
|---|
| LEADER | 02042nam a2200349 a 4500 | ||
|---|---|---|---|
| 001 | TVCDKTCT535 | ||
| 003 | Thư viện trường Cao đẳng Kỹ thuật Cao Thắng | ||
| 005 | 20050802000000 | ||
| 008 | 050802 | ||
| 980 | \ | \ | |a Thư viện Trường CĐ Kỹ Thuật Cao Thắng |
| 024 | |a RG_1 #1 eb0 i1 | ||
| 041 | 0 | # | |a vie |
| 082 | # | # | |a 540.1 / |b NG527C-t |
| 100 | 1 | # | |a Nguyễn Đình Chi, |e Người dịch |
| 245 | 0 | 0 | |a Từ nguyên tử đến sự sống / |c Nguyễn Đình Chi |
| 250 | # | # | |a In lần thứ 1 |
| 260 | # | # | |a H. : |b Khoa học và kỹ thuật , |c 1970 |
| 300 | # | # | |a 239tr. ; |c 19cm |
| 520 | # | # | |a Đây là cuốn sách viết cho những người mà trong cuộc sống hằng ngày đã từng băn khoăn tự hỏi :Các vật thể chung quanh chúng ta là gì?Than và sắt giống nhau ở chỗ nào và khác nhau ở chỗ nào ?Tại sao đá có thể biến thành vôi ,ngọn đèn dầu hỏa có thể cháy sáng ,và ét-xăng lại làm cho chiếc ôtô chuyển động ?Tại sao con người phải thở và từ những mầm non có thể mọc thành những cây cao to lớn ? |
| 520 | # | # | |a Nôi dung gồm 9 chương: |
| 520 | # | # | |a Chướng 1:Nguyên tử và phân tử |
| 520 | # | # | |a Chương 2:Cấu tạo của nguyên tử và phân tử |
| 520 | # | # | |a Chương 3:Các đơn chất |
| 520 | # | # | |a Chưỡng 4:Các hợp chất vô cơ |
| 520 | # | # | |a Chương 5:Các hợp chất hữu cơ |
| 520 | # | # | |a Chương 6:Các phản ứng hóa học |
| 520 | # | # | |a Chương 7:Dung dịch và các hiện tượng điện hóa |
| 520 | # | # | |a Chương 8:Hóa học của sự sống |
| 520 | # | # | |a Chương 9:Hóa học và tương lai của loài người |
| 650 | # | 4 | |a Hóa học |
| 650 | # | 4 | |a Nguyên tử |
| 650 | # | 4 | |a Hợp chất hữu cơ |